The theory of Heat Radiation

محفوظ في:
التفاصيل البيبلوغرافية
المؤلف الرئيسي: Planck, Max (مؤلف)
التنسيق: كتاب
اللغة:الإنجليزية
منشور في: Nueva York Dover Publications 1959
الموضوعات:
الوسوم: إضافة وسم
لا توجد وسوم, كن أول من يضع وسما على هذه التسجيلة!

MARC

LEADER 00000nam a2200000 a 4500
001 UCH1850
003 CL-VaPUC
008 090514e19590000US |||||||||||||||||eng|d
082 0 4 |a 539.2  |b PLA  |2 21 
100 0 |a Planck, Max  |e author  |9 330080 
245 1 4 |a The theory of Heat Radiation 
300 |a 224 p 
942 |c BK 
945 |d 20090514 00:00:00  |a dcastane 
260 |a Nueva York  |b Dover Publications  |c 1959 
650 0 |a Termodinámica   |9 259320 
650 7 |a RADIACION CALORICA  |2 CL-VaPUC  |9 536413 
650 0 |a Física   |9 227844 
650 0 |a Conducción del calor  |9 259876 
650 7 |a ENTROPIA Y PROBABILIDAD  |2 CL-VaPUC  |9 536414 
583 |a last modification  |c 20090514 00:00:00  |k Rodrigo Vera 
999 |c 333747  |d 333745 
952 |0 0  |1 0  |4 0  |6 539_200000000000000_PLA_1959  |7 0  |8 A  |9 422349  |a BIBCUR  |b BIBCUR  |d 2019-11-22  |i 4542576  |o 539.2 PLA 1959  |p 4542576  |r 2025-04-22  |w 2019-11-22  |y BK  |k FIS